000 00995nam a2200253Ia 4500
003 OSt
005 20220923214726.0
006 a|||||r|||| 00| 0
007 ta
008 220922b |||||||| |||| 00| 0 ben d
024 _a171,999
037 _cTextual
040 _aARTS
_cARTS
_bben
041 _2ben
_aben
082 _aO157,3M38,CH, 152P0
100 _aचट्टोपाध्याय, बंकिमचन्द्र
_9160381
245 0 _aचन्द्रशेखर रचनाकाल सन् 1874
246 _aChandrashekhar rachanākāl san 1874
260 _aदिल्ली
_b एजूकेशनल सप्लायर्स एण्ड टैडर्स प्रकाशन
_c2000
300 _a120 पृ0
_ccm.
650 _aहिन्दी साहित्य
_9156264
942 _hO157,3M38,CH, 152P0
_cTEXL
_2CC
999 _c326123
_d326123